000
00308 a2200109 4500
001
ART_39164
005
20260410161646.0
008
260409a
245
1
0
_a
Facturas apócrifas
100
1
_a
Caranta, Martín R.
773
0
_t
Consultor tributario
_g
- Año 10, Nº 110 (abr. 2016)
_w
REV474
999
_c
13800
_d
13800